O legado de Mrs. Baker (Registo nº 1558)

Detalhes MARC
000 -Etiqueta do registo
Cabeçalho 00774nam0a2200253 4500
005 - Identificador da versão
Campo de controlo 20240813121840.0
010 ## - Número internacional normalizado dos livros (ISBN)
Número (ISBN) 9727723934
021 ## - Número do Depósito Legal
Código do país PT
Número 195061/03
100 ## - Dados gerais de processamento
Dados gerais de processamento 20160225d2003 m d0pory5003 ba
102 ## - Pais de publicação ou produção
País de publicação Portugal
101 0# - Língua de publicação
Língua do texto, banda sonora, etc. Português
215 ## - Descrição física 
Indicação específica da natureza do documento e extensão da espécie 75, [2] p
200 1# - Titulo e menção de responsabilidade
Título próprio O legado de Mrs. Baker
Informação de outro título novela
Primeira menção de responsabilidade Maria do Vale Cartaxo
225 2# - Colecção 
Título próprio da colecção Extra-colecção
210 ## - Publicação, Distribuição, etc. 
Lugar da edição, distribuição, etc. [Lisboa]
Nome do editor, distribuidor, etc. Colibri
Lugar da edição, distribuição, etc. Portimão
Nome do editor, distribuidor, etc. Câmara Municipal
Data da publicação, distribuição, etc. 2003
300 ## - Notas gerais 
Texto da nota Prémio Manuel Teixeira Gomes, 2002 (Novela - 2º prémio)
606 ## - Nome comum usado como assunto
Número de registo de entrada de autoridade 0002242
Palavra de ordem Literatura portuguesa
Subdivisão de assunto Novela
Código do sistema CA
675 ## - Classificação Decimal Universal (CDU)
Notação 821.134.3-32
Edição 3ª ed.
Língua da edição por
700 #1 - Nome de autor-pessoa física (responsabilidade principal)
Número de registo de entrada de autoridade 0002670
Palavra de ordem Cartaxo
Outra parte do nome não tomada para palavra de ordem Maria do Vale
Datas 1937-
966 ## - Identificação da Biblioteca
Sigla EB2,3ENM
942 ## - Elementos de entrada adicionados (Koha)
Tipo de item no Koha Livro
Exemplares
Situação do levantamento Origin of item (home branch) (coded) Biblioteca de empréstimo Código de barras Cota Circulation type (not for loan) Tipo de documento Nota do exemplar Damaged status
  Biblioteca Escolar Eng. Nuno Mergulhão Biblioteca Escolar Eng. Nuno Mergulhão BENM1114 82LP-32 CAR   Livro Sem mensagem